| 000 | 00941nas a2200301 4500 | ||
|---|---|---|---|
| 001 | BR2011004200 | ||
| 003 | BR-BrBNA | ||
| 005 | 20231205115506.0 | ||
| 007 | ta | ||
| 008 | 230509b bl.|||p| |||| 00| 00por d | ||
| 040 |
_aBR-BrBNA _bpor _cBiblioteca Nacional de Agricultura |
||
| 041 | _a(Pt) | ||
| 072 | _aH10 | ||
| 100 | 1 | _aPastori, P.L. | |
| 100 | 1 | _aMonteiro, L.B. | |
| 100 | 1 | _aBotton, M. | |
| 100 | 1 | _aSouza, A. | |
| 100 | 1 | _aPoltronieri, A.S. | |
| 100 | 1 | _aSchubert, J.M. | |
| 245 | 1 | _aParasitismo de ovos da lagarta-enroladeira-da-maçã em função do número de Trichogramma pretiosum Riley (Hymenoptera: Trichogrammatidae)liberado | |
| 650 | _aMAÇÃ | ||
| 650 | _aCONTROLE BIOLÓGICO | ||
| 650 | _aPRAGA DE PLANTA | ||
| 650 | _aLAGARTA | ||
| 773 | 0 |
_tScientia Agrária (Brazil) _xISSN 1519-1125 _g(2008), v. 9(4) p. 497-504 _wBR2011004200 |
|
| 909 |
_a202311 _bLúcia _c55 _dLúcia Elande |
||
| 942 |
_2AGRIS _n0 _cANA |
||
| 999 |
_c214089 _d214089 |
||